|
|
|
|
| LEADER |
00863nam a22002057a 4500 |
| 008 |
130704b xxu||||| |||| 00| 0 eng d |
| 082 |
|
|
|a 923.6 ABD/THA
|
| 100 |
|
|
|a താഹ, മുത്താന
|
| 240 |
|
|
|a Vakkam Abdulkhadar: jeevithavum krithikalum
|
| 245 |
|
|
|a വക്കം അബ്ദുള്ഖാദര് ജീവിതവും കൃതികളും /
|c മുത്താന, താഹ
|
| 250 |
|
|
|a 1st ed.
|
| 260 |
|
|
|a തൃശൂര് :
|b കേരള സാഹിത്യ അക്കാദമി,
|c 2007.
|
| 300 |
|
|
|a 113p.
|
| 650 |
|
|
|a Biography
|
| 650 |
|
|
|a Social reformer
|
| 650 |
|
|
|a Letters
|
| 700 |
|
|
|a Thaha, Muthana
|
| 942 |
|
|
|2 ddc
|c BK
|
| 999 |
|
|
|c 677
|d 677
|
| 952 |
|
|
|0 0
|1 0
|2 ddc
|4 0
|6 923_600000000000000_ABDTHA
|7 0
|9 667
|a MAIN
|b MAIN
|d 2013-07-04
|g 75.00
|l 3
|m 1
|o 923.6 ABD/THA
|p 638
|r 2019-03-07
|s 2019-01-25
|t 1
|w 2013-07-04
|y BK
|